[Event "DEM U12 2011"]
[Site "Oberhof GER"]
[Date "2011.06.17"]
[Round "9"]
[White "Balazs, Balint"]
[Black "Wächter, Nathalie"]
[Result "1-0"]
[Termination "normal"]
[Board "19"]
[WhiteElo "1587"]
[BlackElo "1707"]
[PlyCount "127"]
[WhiteFideId "12922757"]
[BlackFideId "12921033"]
[EventCountry "GER"]
[EventRounds "11"]
[EventType "swiss"]
[EventDate "2011.06.11"]

1. e4 e5 2. Bc4 Nf6 3. d3 c6 4. Nf3 d5 5. Bb3 Bd6 6. Bg5 h6 7. Bxf6 gxf6 8. Nc3
dxe4 9. dxe4 Rg8 10. Nh4 Bg4 11. Qd2 Rg5 12. f3 Be6 13. O-O-O Bc7 14. Qxd8+
Bxd8 15. Rd2 Bb6 16. Rd3 Nd7 17. Bxe6 fxe6 18. Rhd1 Rg7 19. Ne2 O-O-O 20. g3
Nc5 21. Rxd8+ Bxd8 22. b4 Na4 23. Ng2 Nb6 24. f4 Bc7 25. fxe5 Bxe5 26. Ngf4
Bxf4+ 27. Nxf4 e5 28. Ne6 Rd7 29. Rxd7 Kxd7 30. Ng7 Ke7 31. Nf5+ Ke6 32. Nxh6
Nd7 33. Nf5 a5 34. a3 axb4 35. axb4 Nf8 36. c4 b6 37. Kd2 Ng6 38. h4 Ne7 39.
Nxe7 Kxe7 40. Ke3 Kf7 41. Kf3 b5 42. c5 Kg6 43. Kg4 f5+ 44. exf5+ Kf6 45. h5
Kf7 46. Kf3 Kf6 47. Ke4 Kg5 48. g4 Kf6 49. Kf3 Kg5 50. Ke3 Kf6 51. Ke4 Kg5 52.
Kxe5 Kxg4 53. f6 Kf3 54. f7 Ke3 55. f8=Q Kd3 56. Qf4 Kc3 57. Qd4+ Kb3 58. h6
Ka4 59. h7 Kb3 60. h8=R Ka4 61. Rh4 Kb3 62. Qd1+ Ka3 63. Kd6 Kb2 64. Qd3 1-0

[Event "DEM U12 2011"]
[Site "Oberhof GER"]
[Date "2011.06.17"]
[Round "9"]
[White "Nothnagel, Marian Can"]
[Black "Burg, Niclas"]
[Result "1-0"]
[Termination "normal"]
[Board "20"]
[WhiteElo "1613"]
[BlackElo "1311"]
[PlyCount "59"]
[WhiteFideId "12921530"]
[BlackFideId "1271968"]
[EventCountry "GER"]
[EventRounds "11"]
[EventType "swiss"]
[EventDate "2011.06.11"]

1. e4 c5 2. Nf3 Nc6 3. d4 cxd4 4. Nxd4 Nf6 5. Nc3 e5 6. Ndb5 d6 7. Nd5 Nxd5 8.
exd5 Nb8 9. Qf3 a6 10. Qa3 Be7 11. Bg5 f6 12. Bd2 O-O 13. Bd3 b6 14. Nc3 f5 15.
O-O Nd7 16. Rad1 Nc5 17. Bc4 Rb8 18. b4 b5 19. bxc5 bxc4 20. c6 Qb6 21. Rb1 Qa7
22. Be3 Qc7 23. Rxb8 Qxb8 24. Rb1 Qa8 25. Na4 a5 26. Nb6 Qa6 27. Nxc8 Rxc8 28.
Rb7 Bd8 29. Qxd6 Kh8 30. Qf8# 1-0

[Event "DEM U12 2011"]
[Site "Oberhof GER"]
[Date "2011.06.17"]
[Round "9"]
[White "Blösch, Christoph"]
[Black "Gheng, Christian"]
[Result "1/2-1/2"]
[Termination "normal"]
[Board "21"]
[WhiteElo "1504"]
[BlackElo "1679"]
[PlyCount "73"]
[WhiteFideId "12918121"]
[BlackFideId "24660345"]
[EventCountry "GER"]
[EventRounds "11"]
[EventType "swiss"]
[EventDate "2011.06.11"]

1. e4 d6 2. Nc3 g6 3. d3 Bg7 4. f4 e6 5. Nf3 Ne7 6. g3 b6 7. Bg2 Bb7 8. O-O O-O
9. Ne2 c5 10. h3 Nbc6 11. c3 f5 12. Ng5 Qd7 13. Be3 h6 14. Nf3 e5 15. Qd2 Kh7
16. Nh2 d5 17. exd5 Nxd5 18. Nf3 Rae8 19. fxe5 Nxe3 20. Qxe3 Nxe5 21. Nxe5 Rxe5
22. Qd2 Bxg2 23. Kxg2 Rfe8 24. Rfe1 Qc6+ 25. Kf2 g5 26. Ng1 Rxe1 27. Rxe1 Rxe1
28. Kxe1 Qe6+ 29. Kd1 Qxa2 30. Kc2 Qa4+ 31. Kb1 Qc6 32. Qf2 Qd5 33. Kc2 a5 34.
Ne2 a4 35. d4 a3 36. bxa3 cxd4 37. cxd4 1/2-1/2

[Event "DEM U12 2011"]
[Site "Oberhof GER"]
[Date "2011.06.17"]
[Round "9"]
[White "Kitze, Alexander"]
[Black "Rausch, Adrian"]
[Result "1/2-1/2"]
[Termination "normal"]
[Board "22"]
[WhiteElo "1717"]
[BlackElo "1469"]
[PlyCount "132"]
[WhiteFideId "12914827"]
[BlackFideId "12929069"]
[EventCountry "GER"]
[EventRounds "11"]
[EventType "swiss"]
[EventDate "2011.06.11"]

1. e4 c6 2. d4 d5 3. exd5 cxd5 4. c4 Nf6 5. Nc3 e6 6. Nf3 Bb4 7. Bg5 Qa5 8. Bd2
Bxc3 9. Bxc3 Qc7 10. cxd5 Nxd5 11. Bd2 O-O 12. Bd3 b6 13. O-O Bb7 14. Rc1 Nc6
15. Re1 Qd6 16. a3 Nce7 17. Ne5 Nf6 18. Bf4 Qd5 19. Nf3 Qh5 20. Be2 Qd5 21. Bg5
Ng6 22. Bxf6 gxf6 23. Qd2 Kg7 24. Bd3 f5 25. Bc4 Qd6 26. Re3 h5 27. Rd1 Bd5 28.
Bxd5 Qxd5 29. Ne5 Rac8 30. Rg3 Qd8 31. h3 Qh4 32. Nf3 Qe4 33. Ng5 Qc2 34. d5
Qxd2 35. Rxd2 exd5 36. Rxd5 Rc1+ 37. Kh2 Rc2 38. Rxf5 Rxb2 39. Rgf3 Nh4 40.
Ne6+ fxe6 41. Rxf8 Nxf3+ 42. Rxf3 a5 43. Rf4 Rb3 44. Ra4 e5 45. f3 Rd3 46. Kg3
h4+ 47. Kf2 Kf6 48. Ke2 Rd4 49. Rxd4 exd4 50. Kd3 Ke5 51. a4 b5 52. axb5 a4 53.
b6 Kd6 54. b7 Kc7 55. b8=Q+ Kxb8 56. Kxd4 Kc7 57. Kc4 Kd6 58. Kb4 Ke5 59. Kxa4
Kf4 60. Kb4 Kg3 61. Kc4 Kxg2 62. f4 Kxh3 63. f5 Kg2 64. f6 h3 65. f7 h2 66.
f8=Q h1=Q 1/2-1/2

[Event "DEM U12 2011"]
[Site "Oberhof GER"]
[Date "2011.06.17"]
[Round "9"]
[White "Gschnitzer, Adrian"]
[Black "Schackmann, Oliver"]
[Result "1-0"]
[Termination "normal"]
[Board "24"]
[WhiteElo "1590"]
[BlackElo "1829"]
[PlyCount "41"]
[WhiteFideId "1270337"]
[BlackFideId "12905267"]
[EventCountry "GER"]
[EventRounds "11"]
[EventType "swiss"]
[EventDate "2011.06.11"]

1. e4 c5 2. Nf3 d6 3. d4 cxd4 4. Nxd4 Nf6 5. Nc3 g6 6. Be2 Bg7 7. O-O O-O 8.
Bg5 Nc6 9. Nb3 Be6 10. Kh1 Na5 11. e5 dxe5 12. Qxd8 Rfxd8 13. Nxa5 Rd7 14. Rad1
Rc7 15. Bf3 Rb8 16. Bxb7 Rcxb7 17. Nxb7 Rxb7 18. Rd8+ Bf8 19. Bh6 Nd7 20. Rd1
Rb8 21. R1xd7 1-0

[Event "DEM U12 2011"]
[Site "Oberhof GER"]
[Date "2011.06.17"]
[Round "9"]
[White "Rogozenco, Teodora"]
[Black "Rätzke von Stoyentin, Steffen"]
[Result "1-0"]
[Termination "normal"]
[Board "25"]
[WhiteElo "1356"]
[BlackElo "1728"]
[PlyCount "75"]
[WhiteFideId "12938084"]
[BlackFideId "12907502"]
[EventCountry "GER"]
[EventRounds "11"]
[EventType "swiss"]
[EventDate "2011.06.11"]

1. d4 Nf6 2. c4 e6 3. Nc3 d5 4. Nf3 Bb4 5. Bg5 c5 6. e3 Nbd7 7. a3 Bxc3+ 8.
bxc3 Qa5 9. Qb3 Ne4 10. Rc1 cxd4 11. exd4 h6 12. Be3 O-O 13. cxd5 exd5 14. Qb4
Qb6 15. Bd3 f5 16. Ne5 Qe6 17. f3 Nd6 18. f4 a6 19. O-O Nf6 20. Rfe1 Bd7 21. c4
Bc6 22. c5 Nde4 23. a4 a5 24. Qa3 Qe8 25. Bc2 Qh5 26. Bd1 Qe8 27. Rb1 Rb8 28.
Re2 Ng4 29. Re1 Nxe3 30. Rxe3 Qd8 31. Rb6 Rf6 32. Re2 Be8 33. Reb2 Rxb6 34.
Rxb6 Qe7 35. Qb3 Nf6 36. Bc2 g6 37. h3 Qc7 38. Rxf6 1-0

[Event "DEM U12 2011"]
[Site "Oberhof GER"]
[Date "2011.06.17"]
[Round "9"]
[White "Nobis, Anna"]
[Black "Klodt, Daniel"]
[Result "1-0"]
[Termination "normal"]
[Board "26"]
[WhiteElo "1572"]
[BlackElo "1390"]
[PlyCount "69"]
[WhiteFideId "1270302"]
[BlackFideId "12938068"]
[EventCountry "GER"]
[EventRounds "11"]
[EventType "swiss"]
[EventDate "2011.06.11"]

1. e4 e6 2. d4 d5 3. Nc3 Bb4 4. e5 c5 5. Bd2 Ne7 6. Nb5 Bxd2+ 7. Qxd2 O-O 8. f4
a6 9. Nd6 cxd4 10. Nf3 Nbc6 11. Nxd4 Nxd4 12. Qxd4 Ng6 13. O-O-O f6 14. Nxc8
Rxc8 15. exf6 Rxf6 16. g3 b5 17. Kb1 Rf7 18. Bd3 Rfc7 19. Qb6 Rc6 20. Qxd8+
Rxd8 21. Rhe1 Rdc8 22. f5 Nf8 23. fxe6 Rxe6 24. Rxe6 Nxe6 25. Bf5 Re8 26. Rxd5
Nd4 27. b3 Nxf5 28. Rxf5 Re2 29. h4 Rg2 30. Rf3 h6 31. c4 bxc4 32. bxc4 g5 33.
hxg5 hxg5 34. c5 Rd2 35. Rf5 1-0

[Event "DEM U12 2011"]
[Site "Oberhof GER"]
[Date "2011.06.17"]
[Round "9"]
[White "Halas, Julia"]
[Black "Paulsen, Alexej"]
[Result "1/2-1/2"]
[Termination "normal"]
[Board "27"]
[WhiteElo "1424"]
[BlackElo "1559"]
[PlyCount "67"]
[WhiteFideId "12931810"]
[BlackFideId "24662372"]
[EventCountry "GER"]
[EventRounds "11"]
[EventType "swiss"]
[EventDate "2011.06.11"]

1. d4 d5 2. c4 c6 3. Nc3 e6 4. Nf3 Nf6 5. Bg5 dxc4 6. e4 b5 7. e5 h6 8. Bh4 g5
9. Nxg5 hxg5 10. Bxg5 Nbd7 11. exf6 Bb7 12. Be2 Qb6 13. O-O Bd6 14. g3 O-O-O
15. Bf3 Rdg8 16. Ne4 Qc7 17. Nxd6+ Qxd6 18. Qd2 Nb6 19. Bf4 Qd7 20. Qe3 Nd5 21.
Bxd5 Qxd5 22. Qe5 Qxe5 23. Bxe5 c5 24. f3 cxd4 25. Bxd4 a6 26. Rac1 Bd5 27. b3
Kb7 28. bxc4 Bxc4 29. Rf2 Rd8 30. Be3 Rd3 31. Bf4 Rd5 32. g4 e5 33. Bg3 Re8 34.
Re1 1/2-1/2

[Event "DEM U12 2011"]
[Site "Oberhof GER"]
[Date "2011.06.17"]
[Round "9"]
[White "Niediek, Cedric"]
[Black "Müller, Sophie"]
[Result "1-0"]
[Termination "normal"]
[Board "28"]
[WhiteElo "1641"]
[BlackElo "1386"]
[PlyCount "67"]
[BlackFideId "12926698"]
[EventCountry "GER"]
[EventRounds "11"]
[EventType "swiss"]
[EventDate "2011.06.11"]

1. e4 c6 2. d4 d5 3. exd5 cxd5 4. Bd3 Nc6 5. Nf3 Bg4 6. c3 Nf6 7. O-O e6 8. Bg5
Be7 9. Nbd2 O-O 10. Qc2 h6 11. Bh4 Bxf3 12. Nxf3 Rc8 13. Qe2 Qc7 14. Bg3 Qb6
15. Kh1 Rfe8 16. Ne5 Nxe5 17. dxe5 Nd7 18. f4 a6 19. Rf3 Nc5 20. Bf2 Qd8 21.
Bxc5 Bxc5 22. Rg3 Kh8 23. Qh5 Qd7 24. f5 Qc7 25. f6 Bf8 26. Re1 Rcd8 27. Qg4 g5
28. h4 Bc5 29. Qh5 Bf8 30. hxg5 Rd7 31. g6 Rc8 32. g7+ Bxg7 33. Rxg7 Rcd8 34.
Qxh6# 1-0

[Event "DEM U12 2011"]
[Site "Oberhof GER"]
[Date "2011.06.17"]
[Round "9"]
[White "Diener, Carolin"]
[Black "Hoffmann, Christoph"]
[Result "1-0"]
[Termination "normal"]
[Board "29"]
[WhiteElo "1590"]
[BlackElo "1360"]
[PlyCount "69"]
[WhiteFideId "24699063"]
[EventCountry "GER"]
[EventRounds "11"]
[EventType "swiss"]
[EventDate "2011.06.11"]

1. e4 e6 2. d4 d5 3. Nc3 Bb4 4. Bd3 c5 5. dxc5 Bxc5 6. exd5 exd5 7. Bb5+ Nc6 8.
Qxd5 Qxd5 9. Nxd5 Bd6 10. Be3 Bf5 11. O-O-O O-O-O 12. Bxc6 bxc6 13. Nc3 a6 14.
Nge2 Nf6 15. Nd4 Bg6 16. Nxc6 Rd7 17. Nd4 Ng4 18. Na4 Kc7 19. Nb3 Kc6 20. Nd4+
Kc7 21. h3 Nxe3 22. fxe3 Re8 23. Rhe1 Bg3 24. Re2 Rxe3 25. Red2 Rde7 26. Nc3
Be4 27. Nxe4 R3xe4 28. Nf3 Bf4 29. c3 Re2 30. Kc2 Bxd2 31. Rxd2 Kc6 32. Nd4+
Kd5 33. Rxe2 Rxe2+ 34. Nxe2 Ke4 35. Kd2 1-0

[Event "DEM U12 2011"]
[Site "Oberhof GER"]
[Date "2011.06.17"]
[Round "9"]
[White "Peter, Anton"]
[Black "Bugdahl, Felix"]
[Result "1-0"]
[Termination "normal"]
[Board "30"]
[WhiteElo "1757"]
[BlackElo "1350"]
[PlyCount "111"]
[WhiteFideId "12901660"]
[BlackFideId "12938092"]
[EventCountry "GER"]
[EventRounds "11"]
[EventType "swiss"]
[EventDate "2011.06.11"]

1. d4 d5 2. c4 c6 3. Nc3 Nf6 4. Nf3 e6 5. Bg5 Nbd7 6. e3 Bd6 7. cxd5 exd5 8.
Bd3 h6 9. Bh4 Qc7 10. Rb1 a5 11. a3 b6 12. b4 Ba6 13. Bxa6 Rxa6 14. b5 Ra8 15.
bxc6 Qxc6 16. Qb3 Rc8 17. Nb5 Ne4 18. Bg3 Bxg3 19. hxg3 O-O 20. Nd2 Qe6 21.
Nxe4 Qxe4 22. O-O Qe6 23. Rfc1 Nf6 24. Nc7 Qf5 25. Qxb6 Ne4 26. Rb2 Kh7 27.
Qxa5 Rb8 28. Rcb1 Rbd8 29. Rf1 g6 30. Rb5 Nf6 31. a4 Qh5 32. f3 Qg5 33. Qe1 Rc8
34. Rc5 Nd7 35. Rxd5 Qe7 36. Qc3 Nf6 37. Rc5 Rxc7 38. Rxc7 Nd5 39. Rxe7 Nxc3
40. a5 Nd5 41. Re5 Nb4 42. Ra1 Ra8 43. a6 Ra7 44. Kf2 Nd3+ 45. Ke2 Nxe5 46.
dxe5 Kg8 47. Kd3 Kf8 48. Kd4 Ke7 49. f4 Kd7 50. Kd5 h5 51. e4 Kd8 52. e6 f6 53.
Kd6 Ke8 54. f5 g5 55. Kc6 Kd8 56. Kb6 1-0

[Event "DEM U12 2011"]
[Site "Oberhof GER"]
[Date "2011.06.17"]
[Round "9"]
[White "Surguchov, Alexander"]
[Black "Allin, Katharina"]
[Result "1-0"]
[Termination "normal"]
[Board "31"]
[WhiteElo "1545"]
[BlackElo "1256"]
[PlyCount "69"]
[WhiteFideId "1272035"]
[BlackFideId "12903779"]
[EventCountry "GER"]
[EventRounds "11"]
[EventType "swiss"]
[EventDate "2011.06.11"]

1. d4 d5 2. e3 Nf6 3. Bd3 c6 4. f4 Bg4 5. Nf3 e6 6. O-O Ne4 7. Nbd2 f5 8. Qe1
Be7 9. Ne5 Nd7 10. Nxg4 Nxd2 11. Bxd2 fxg4 12. Qd1 Nf6 13. Be2 Qd7 14. Bxg4 O-O
15. Be1 Qc7 16. Bxe6+ Kh8 17. Bh4 Ne4 18. Bxe7 Qxe7 19. Bh3 Nd6 20. Qd3 Nc4 21.
b3 Nd6 22. g3 Rae8 23. Rfe1 g6 24. Rac1 b5 25. a4 b4 26. Qa6 Qc7 27. c3 Ne4 28.
cxb4 Nd2 29. Rxc6 Qe7 30. Bg2 Qd7 31. Rd6 Qg4 32. Qxa7 Ra8 33. Qd7 Nf3+ 34.
Bxf3 Qxf3 35. Qh3 1-0

[Event "DEM U12 2011"]
[Site "Oberhof GER"]
[Date "2011.06.17"]
[Round "9"]
[White "Sadewasser, Lucie"]
[Black "Kempe, Anne"]
[Result "1-0"]
[Termination "normal"]
[Board "32"]
[WhiteElo "1361"]
[BlackElo "1538"]
[PlyCount "103"]
[WhiteFideId "12905445"]
[BlackFideId "12918083"]
[EventCountry "GER"]
[EventRounds "11"]
[EventType "swiss"]
[EventDate "2011.06.11"]

1. e4 c5 2. Nc3 Nc6 3. f4 g6 4. Nf3 d6 5. Bc4 Bg7 6. d3 e6 7. O-O Nge7 8. Qe1
O-O 9. Qh4 Nd4 10. Nxd4 Bxd4+ 11. Kh1 Bd7 12. Ne2 Bg7 13. f5 exf5 14. Bg5 Re8
15. Rf3 Be6 16. Rh3 h5 17. Bxe6 fxe6 18. Nf4 Kf7 19. exf5 Qc7 20. fxe6+ Kg8 21.
Bxe7 Qxe7 22. Qxe7 Rxe7 23. g3 Kh7 24. g4 Bxb2 25. Rb1 Be5 26. Nd5 Rg7 27. e7
Re8 28. Rxb7 Kh6 29. Rxa7 Bd4 30. Rb7 Rgg8 31. gxh5 gxh5 32. Rb1 Rg5 33. c4 Kg7
34. Rg3 Rxg3 35. hxg3 Be5 36. Kg2 Kg6 37. a4 Kf7 38. Rf1+ Kg8 39. Rf8+ Rxf8 40.
exf8=Q+ Kxf8 41. a5 Ke8 42. a6 Kd7 43. a7 Kc6 44. a8=Q+ Kd7 45. Qb7+ Ke6 46.
Qe7+ Kf5 47. Ne3+ Kg6 48. Qe6+ Kg7 49. Nf5+ Kh7 50. Qf7+ Kh8 51. Nh6 Bg7 52.
Qg8# 1-0

[Event "DEM U12 2011"]
[Site "Oberhof GER"]
[Date "2011.06.17"]
[Round "9"]
[White "Tiedemann, Fin Niklas"]
[Black "Sherif, Amina"]
[Result "0-1"]
[Termination "normal"]
[Board "33"]
[WhiteElo "1525"]
[BlackElo "1345"]
[PlyCount "138"]
[WhiteFideId "12936936"]
[BlackFideId "12911690"]
[EventCountry "GER"]
[EventRounds "11"]
[EventType "swiss"]
[EventDate "2011.06.11"]

1. e4 e5 2. Nc3 Nf6 3. f4 d5 4. fxe5 Nxe4 5. d3 Qh4+ 6. g3 Nxg3 7. Nf3 Qh5 8.
Nxd5 Na6 9. Rg1 Nxf1 10. Rxf1 Bg4 11. Qe2 O-O-O 12. Nc3 Re8 13. Bf4 Bd6 14.
O-O-O Bxe5 15. Bxe5 Bxf3 16. Qxf3 Qxf3 17. Rxf3 Rxe5 18. Rxf7 g6 19. Ne4 Rh5
20. Rh1 Nb4 21. Nc5 Rxc5 22. c3 Nxd3+ 23. Kc2 Nb4+ 24. Kb3 Nc6 25. Rhf1 Re5 26.
Rf8+ Rxf8 27. Rxf8+ Kd7 28. Rf7+ Re7 29. Rf1 Ke8 30. Ka3 Re2 31. Rh1 Ne5 32. b3
Nf3 33. h4 Rh2 34. Rf1 Nxh4 35. Re1+ Kd8 36. Rd1+ Kc8 37. Rf1 Nf5 38. c4 Rg2
39. Re1 h5 40. b4 h4 41. c5 c6 42. Re8+ Kd7 43. Rh8 Rg3+ 44. Ka4 h3 45. Rh7+
Ke6 46. Rxb7 h2 47. Rh7 Rg2 48. a3 Ng3 49. b5 cxb5+ 50. Kxb5 h1=Q 51. Rxh1 Nxh1
52. c6 Rc2 53. a4 g5 54. a5 Kd6 55. Ka6 Rxc6+ 56. Kxa7 Rc7+ 57. Ka6 g4 58. Kb5
g3 59. Ka6 g2 60. Kb5 Rc5+ 61. Ka6 Rxa5+ 62. Kxa5 g1=Q 63. Ka4 Qb6 64. Ka3 Qb5
65. Ka2 Qb4 66. Ka1 Kd5 67. Ka2 Kc4 68. Ka1 Kc3 69. Ka2 Qb2# 0-1

[Event "DEM U12 2011"]
[Site "Oberhof GER"]
[Date "2011.06.17"]
[Round "9"]
[White "Spitzl, Vinzent"]
[Black "Denkert, Anna"]
[Result "1-0"]
[Termination "normal"]
[Board "34"]
[WhiteElo "1701"]
[BlackElo "1173"]
[PlyCount "119"]
[WhiteFideId "12901253"]
[BlackFideId "12938122"]
[EventCountry "GER"]
[EventRounds "11"]
[EventType "swiss"]
[EventDate "2011.06.11"]

1. e4 e5 2. Nf3 Nf6 3. Nxe5 d6 4. Nf3 Nxe4 5. Nc3 Nxc3 6. dxc3 Be7 7. Bf4 O-O
8. Qd2 Bg4 9. O-O-O Re8 10. Kb1 Nd7 11. h3 Be6 12. h4 h5 13. Ng5 Bg4 14. f3 Bf5
15. Qd5 Bxg5 16. Bxg5 Be6 17. Bxd8 Bxd5 18. Bxc7 Nf6 19. Bd3 Re6 20. Ba5 b6 21.
Bb4 a5 22. Ba3 Bc6 23. Rhe1 Rd8 24. Bf5 Rxe1 25. Rxe1 g6 26. Bd3 Kg7 27. Kc1 d5
28. Re7 Rd7 29. Kd2 b5 30. Rxd7 Nxd7 31. Bd6 Kf6 32. Ke3 Ke6 33. Bc7 a4 34. Kd4
Ke7 35. b3 Nf8 36. Kc5 Kd7 37. Bg3 Ne6+ 38. Kb6 Nd8 39. Bxb5 Bxb5 40. Kxb5 axb3
41. cxb3 Nb7 42. a4 Kc8 43. a5 Nxa5 44. Kxa5 Kb7 45. b4 f6 46. b5 g5 47. hxg5
fxg5 48. b6 h4 49. Be5 g4 50. fxg4 h3 51. gxh3 d4 52. cxd4 Ka8 53. g5 Kb7 54.
g6 Kc6 55. g7 Kd5 56. g8=Q+ Ke4 57. b7 Kd3 58. b8=Q Ke4 59. Qg2+ Kf5 60. Qc8#
1-0

[Event "DEM U12 2011"]
[Site "Oberhof GER"]
[Date "2011.06.17"]
[Round "9"]
[White "Weis, Olga"]
[Black "Wiesner, Paula"]
[Result "0-1"]
[Termination "normal"]
[Board "35"]
[WhiteElo "1541"]
[BlackElo "1792"]
[PlyCount "54"]
[WhiteFideId "1270234"]
[BlackFideId "24654019"]
[EventCountry "GER"]
[EventRounds "11"]
[EventType "swiss"]
[EventDate "2011.06.11"]

1. d4 d5 2. c4 e6 3. Nc3 Nf6 4. cxd5 exd5 5. Bg5 Nbd7 6. e3 Be7 7. Bd3 O-O 8.
Nge2 Re8 9. Qc2 Nf8 10. O-O a6 11. Rad1 b6 12. f3 Bb7 13. e4 dxe4 14. fxe4 Ng6
15. e5 Nd5 16. Bxe7 Qxe7 17. Qd2 c5 18. Bc4 Rad8 19. dxc5 Qxc5+ 20. Qd4 Nxc3
21. Qxc5 Nxe2+ 22. Bxe2 bxc5 23. Rc1 Rd2 24. Bf3 Bxf3 25. Rxf3 Nxe5 26. Re3 Kf8
27. Rxc5 Rd1+ 0-1

[Event "DEM U12 2011"]
[Site "Oberhof GER"]
[Date "2011.06.17"]
[Round "9"]
[White "Bruns, Kai-Christian"]
[Black "Semenova, Alisa"]
[Result "1-0"]
[Termination "normal"]
[Board "36"]
[WhiteElo "1645"]
[BlackElo "1163"]
[PlyCount "65"]
[WhiteFideId "12938025"]
[BlackFideId "1272132"]
[EventCountry "GER"]
[EventRounds "11"]
[EventType "swiss"]
[EventDate "2011.06.11"]

1. e4 e5 2. Nf3 Nc6 3. Bc4 Bc5 4. b4 Bxb4 5. c3 Be7 6. d4 d6 7. Qb3 Na5 8.
Bxf7+ Kf8 9. Qa4 c6 10. Bxg8 Rxg8 11. O-O b5 12. Qd1 Bf6 13. Ne1 Bb7 14. f4 Nc4
15. Na3 Ke7 16. Nxc4 bxc4 17. fxe5 dxe5 18. Ba3+ Ke8 19. Qh5+ g6 20. Qxh7 Rg7
21. Qh8+ Kd7 22. Qxd8+ Bxd8 23. dxe5 Bb6+ 24. Kh1 Re8 25. Rd1+ Kc8 26. Bd6 Rh7
27. Nf3 c5 28. Rfe1 Reh8 29. e6 Re8 30. e7 Bc6 31. Ne5 Ba4 32. Rb1 g5 33. Nxc4
1-0

[Event "DEM U12 2011"]
[Site "Oberhof GER"]
[Date "2011.06.17"]
[Round "9"]
[White "Wallat, Jessica"]
[Black "Schulte, Felix"]
[Result "0-1"]
[Termination "normal"]
[Board "37"]
[WhiteElo "1277"]
[BlackElo "1573"]
[PlyCount "92"]
[WhiteFideId "12909637"]
[BlackFideId "12914800"]
[EventCountry "GER"]
[EventRounds "11"]
[EventType "swiss"]
[EventDate "2011.06.11"]

1. e4 c5 2. Nc3 Nc6 3. g3 e6 4. Bg2 g6 5. d3 Bg7 6. Be3 Nd4 7. Qd2 Ne7 8. O-O-O
O-O 9. Bh6 b5 10. h4 b4 11. Na4 Qa5 12. b3 Nb5 13. h5 Bc3 14. Qf4 Re8 15. e5
Nd5 16. Bxd5 exd5 17. Nf3 Re6 18. Ng5 f6 19. Nxe6 Bxe5 20. Qf3 dxe6 21. g4 Nc3
22. Rde1 Bd4 23. g5 f5 24. hxg6 hxg6 25. Qg3 Qd8 26. Rh3 Nxa4 27. bxa4 e5 28.
f4 e4 29. dxe4 fxe4 30. Rhh1 Bf5 31. Re2 Qd7 32. Qb3 Bc3 33. a5 c4 34. Qb1 d4
35. Reh2 d3 36. cxd3 exd3 37. Rd2 Bxd2+ 38. Kxd2 c3+ 39. Ke3 Re8+ 40. Kf2 Qd4+
41. Kf1 Qxf4+ 42. Kg1 Qg3+ 43. Kf1 Bh3+ 44. Rxh3 Qxh3+ 45. Kf2 Re2+ 46. Kg1
Qg2# 0-1

[Event "DEM U12 2011"]
[Site "Oberhof GER"]
[Date "2011.06.17"]
[Round "9"]
[White "Blumenthal, Clemens"]
[Black "Kast, Larissa"]
[Result "0-1"]
[Termination "normal"]
[Board "38"]
[WhiteElo "1494"]
[BlackElo "1158"]
[PlyCount "42"]
[WhiteFideId "12938050"]
[BlackFideId "24699055"]
[EventCountry "GER"]
[EventRounds "11"]
[EventType "swiss"]
[EventDate "2011.06.11"]

1. e4 e5 2. Nf3 Nc6 3. d4 exd4 4. Nxd4 Bc5 5. Be3 Qf6 6. c3 Qg6 7. Nd2 Nf6 8.
f4 Bxd4 9. cxd4 Nxe4 10. Bd3 d5 11. O-O Bg4 12. Qc2 f5 13. Rfe1 Bh3 14. Nf3 Nb4
15. Ne5 Nxc2 16. Nxg6 Nxe1 17. Nxh8 Nxg2 18. Bc1 Ne1 19. Bb5+ c6 20. Ba4 Nf3+
21. Kh1 Nf2# 0-1

[Event "DEM U12 2011"]
[Site "Oberhof GER"]
[Date "2011.06.17"]
[Round "9"]
[White "Niedwetzki, Jan Daniel"]
[Black "Trotzke, Johannes"]
[Result "0-1"]
[Termination "normal"]
[Board "39"]
[WhiteElo "1120"]
[BlackElo "1491"]
[PlyCount "62"]
[WhiteFideId "12938157"]
[BlackFideId "12918105"]
[EventCountry "GER"]
[EventRounds "11"]
[EventType "swiss"]
[EventDate "2011.06.11"]

1. e4 d5 2. exd5 Qxd5 3. Nc3 Qd6 4. Nf3 Nf6 5. d4 c6 6. Ne5 Nbd7 7. Nc4 Qc7 8.
Qf3 Nb6 9. Qf4 Qd8 10. Bd3 Be6 11. Nxb6 Qxb6 12. Ne2 g6 13. b3 Bg7 14. c3 O-O
15. O-O Nd5 16. Qd2 Rad8 17. Bb2 Rd7 18. Rfe1 Rfd8 19. h3 Nf6 20. Nf4 Bh6 21.
Nd5 Bxd2 22. Nxb6 axb6 23. Re2 Bh6 24. g4 Bg7 25. f4 Rc7 26. Bc1 c5 27. Be3 Nd5
28. dxc5 Nxe3 29. Rxe3 Bxc3 30. cxb6 Rcc8 31. Rc1 Bd4 0-1

[Event "DEM U12 2011"]
[Site "Oberhof GER"]
[Date "2011.06.17"]
[Round "9"]
[White "Speck, Jakob"]
[Black "Kühn, Kolja"]
[Result "1/2-1/2"]
[Termination "normal"]
[Board "40"]
[WhiteElo "987"]
[BlackElo "1273"]
[PlyCount "105"]
[WhiteFideId "12938181"]
[BlackFideId "12938106"]
[EventCountry "GER"]
[EventRounds "11"]
[EventType "swiss"]
[EventDate "2011.06.11"]

1. e4 e5 2. Nf3 Nf6 3. Nxe5 d6 4. Nf3 Nxe4 5. d3 Nf6 6. g3 Bg4 7. Bg2 Nc6 8.
Bf4 Be7 9. O-O Qd7 10. Nc3 Nd4 11. Re1 O-O-O 12. Bg5 h6 13. Bxf6 Bxf6 14. Nd5
Qc6 15. Nxd4 Bxd1 16. Nxc6 bxc6 17. Nxf6 Bxc2 18. Ng4 c5 19. Bh3 Kb7 20. Bf1
Ba4 21. b3 Bc6 22. Bg2 Bxg2 23. Kxg2 g5 24. Re7 f5 25. Nf6 d5 26. Rd7 f4 27.
Rxd5 Rxd5 28. Nxd5 Rd8 29. Nf6 Rxd3 30. f3 Rd2+ 31. Kh3 Rf2 32. Kg4 Rxh2 33.
gxf4 gxf4 34. Kxf4 h5 35. Kg3 Rc2 36. Nxh5 c4 37. bxc4 Rxc4 38. f4 Kc6 39. f5
a5 40. a4 Kd6 41. Rf1 Ke7 42. Rf4 Rc3+ 43. Kh4 c5 44. Kg5 Kf7 45. Kh6 Rb3 46.
Kg5 Rb4 47. Rxb4 axb4 48. Ng3 c4 49. Ne2 c3 50. a5 c2 51. a6 b3 52. a7 b2 53.
a8=Q 1/2-1/2

[Event "DEM U12 2011"]
[Site "Oberhof GER"]
[Date "2011.06.17"]
[Round "9"]
[White "Schröder, Janina"]
[Black "Lederer, Leia"]
[Result "0-1"]
[Termination "normal"]
[Board "41"]
[WhiteElo "1065"]
[BlackElo "1252"]
[PlyCount "98"]
[WhiteFideId "24693138"]
[BlackFideId "12926353"]
[EventCountry "GER"]
[EventRounds "11"]
[EventType "swiss"]
[EventDate "2011.06.11"]

1. e4 c5 2. Nf3 Nc6 3. Bb5 a6 4. Bxc6 bxc6 5. Nc3 Nf6 6. O-O d5 7. exd5 cxd5 8.
Re1 Bg4 9. h3 Bh5 10. d3 e6 11. Bg5 h6 12. Bh4 Bd6 13. Nxd5 g5 14. Nxf6+ Qxf6
15. Bg3 Bf4 16. c3 Rg8 17. Qe2 Rd8 18. Qe4 Bxf3 19. Qxf3 Kf8 20. h4 Ke7 21.
hxg5 hxg5 22. Re4 Qh6 23. Bxf4 gxf4 24. Rxf4 Rg7 25. Rd1 Rd5 26. Rg4 Rh5 27.
Kf1 Rhg5 28. Rxg5 Rxg5 29. Qh3 Rh5 30. Qe3 Qg6 31. Qg3 Qf6 32. Qf3 Qg6 33. Qg3
Qf6 34. d4 c4 35. b3 cxb3 36. axb3 Qf5 37. Qe3 Qc2 38. Qd2 Qxb3 39. Ke2 Qd5 40.
g4 Rh4 41. c4 Qxc4+ 42. Qd3 Qa4 43. f3 Rh2+ 44. Ke3 Qa5 45. Ke4 Qd5+ 46. Ke3
Qg5+ 47. Ke4 f5+ 48. gxf5 Rh4+ 49. Ke5 Qf4# 0-1